Battersea Freehold & Leasehold Co Ltd v Wandsworth LBC (Record no. 67166)

MARC details
000 -LEADER
fixed length control field 01384cam a2200205 4500
001 - CONTROL NUMBER
control field ABS64051
008 - FIXED-LENGTH DATA ELEMENTS--GENERAL INFORMATION
fixed length control field 000000n2001 000 0 eng u
035 ## - SYSTEM CONTROL NUMBER
System control number (Sirsi) u112822
245 ## - TITLE STATEMENT
Title Battersea Freehold & Leasehold Co Ltd v Wandsworth LBC
260 ## - PUBLICATION, DISTRIBUTION, ETC.
Date of publication, distribution, etc. 2001
490 ## - SERIES STATEMENT
Series statement Estates Gazette
Volume/sequential designation [2001] 19 EG 148-152(5)
520 ## - SUMMARY, ETC.
Summary, etc. ChD 2 March 2001. Respondents W were the registered proprietors of the disputed land. The land was only accessible via a gate or the garden of a property (no 22) where S had been tenants. The appellant (B) purchased the freehold reversion to no 22, and following its subsequent sale, started proceedings against W seeking possession of the land. B claimed that during their tenancy S had taken over the use of the land and controlled the access of others thus demonstrating intention to possess. B's claim was dismissed on the grounds that S had provided the other tenants of adjoining flats with keys to gain access to the land. B appealed. The appeal was dismissed; by providing keys to other tenants, S demonstrated no intention to exclude access to the disputed land or defeat W's title.
590 ## - LOCAL NOTE (RLIN)
Local note ABS
650 ## - SUBJECT ADDED ENTRY--TOPICAL TERM
Topical term or geographic name entry element BATTERSEA FREEHOLD & LEASEHOLD PROPERTY CO LTD V WANDSWORTH LBC
650 ## - SUBJECT ADDED ENTRY--TOPICAL TERM
Topical term or geographic name entry element ADVERSE POSSESSION
650 ## - SUBJECT ADDED ENTRY--TOPICAL TERM
Topical term or geographic name entry element POSSESSION
650 ## - SUBJECT ADDED ENTRY--TOPICAL TERM
Topical term or geographic name entry element LAND OWNERSHIP
690 ## - LOCAL SUBJECT ADDED ENTRY--TOPICAL TERM (OCLC, RLIN)
Topical term or geographic name as entry element PROPERTY AND LAND LAW-CASE LAW
942 ## - ADDED ENTRY ELEMENTS (KOHA)
Suppress in OPAC 0
Holdings
Withdrawn status Lost status Source of classification or shelving scheme Damaged status Not for loan Home library Current library Shelving location Date acquired Total Checkouts Full call number Barcode Date last seen Copy number Price effective from Koha item type
    Dewey Decimal Classification     London London Journal article 29/05/2001   ABS64051 112822-1001 06/08/2019 1 06/08/2019 Law report